000 00315nam a2200133Ia 4500
008 191201s2013 xx 000 0 und d
100 _aPANDEY,I M
245 0 _aFinancial Management
250 _aRep
260 _c2013
_bVikas Publication House
_aN. delhi
300 _a879
650 _aMBA
942 _2ddc
_cBB
_0143
999 _c7590
_d7590